000 00868nam a2200253Ia 4500
003 OSt
005 20221005111457.0
006 a|||||r|||| 00| 0
007 ta
008 221004b |||||||| |||| 00| 0 hin d
020 _a8171381448 (hbk)
_c200
024 _a102322
037 _b363, 03/03/2010, Swaraj Prakashan
_cTextual
040 _aCRL
_cCRL
_bhin
041 _2hin
_ahin
082 _aY15, P8
100 _aगीताश्री
245 0 _aस्त्री आकांक्षा के मानचित्र
246 _aStrī ākāankṣhā ke mānachitra
260 _aनई दिल्ली
_bसामायिक प्रकाशन भारत
_c2008
300 _a159पृ0
_ccm.
942 _hY15, P8
_cTEXL
_2cc
999 _c1021957
_d1021957